00707cam a2200217 a 4500001000800000005001700008008004100025020001500066040001800081082002300099245005500122260005100177300001300228490006000241500003900301650001000340650002500350942000600375952009500381999001300476446791820240227060130.0960125s1995 ce b 000 0 eng  a9559052284 aDLCcDLCdDLC 222a323.334.bWOM.00aWomen, political empowerment, and decision-making. aColombo :bCentre for Women's Research,c1995. a163 p. ;1 aStudy series / Centre for Women's Research, Sri Lanka ; a"Study funded by Asia Foundation." 0aWomen 0aWomen in development cL 001040708LaWERCLbWERCLd2024-02-27l0o323.334. WOM.p5158r2024-02-27w2024-02-27yL c507d507